000 00738cam a2200265 a 4500
999 _c5027
_d5027
001 5027
003 BD-JhCC
005 20171207095620.0
008 810918s1982 cau b 000 0 eng
020 _a0534010822
035 _a(BD-JhCC) 5027
040 _aDLC
_cDLC
_dDLC
_dOCoLC
_dDLC
041 _aeng
050 1 0 _aPE1404
_b.K7
082 0 0 _a808/.042
_219
_bKRU 1982
100 1 _aKrupa, Gene H.
245 1 0 _aSituational writing /
_cGene H. Krupa.
260 _aBelmont, Calif. :
_bWadsworth Pub. Co.,
_cc1982.
300 _ax, 260 p. ;
_c23 cm.
504 _aBibliography: p. 260.
650 0 _aEnglish language
_xRhetoric
_xAbility testing.
650 0 _aReport writing
_xAbility testing.
942 _2ddc
_cBK